000 01088nam a2200289 i 4500
001 188663
003 ES-MaACL
005 20231223103719.0
008 190117s2016 sp |||| |dspa d
020 _a978-84-16950-04-1
080 _a929 Buero Vallejo, Antonio
080 _a929 Soto, Vicente
100 1 _aBuero Vallejo, Antonio,
_d1916-2000
_932421
245 1 0 _aCartas boca arriba
_b: correspondencia (1954-2000) /
_cAntonio Buero Vallejo y Vicente Soto ; edición de Domingo Ródenas de Moya.
260 _a[Madrid] :
_bFundación Banco Santander,
_c[2016]
300 _aXXXIV, 526 p. ;
_c24 cm.
490 1 _aColección obra fundamental
504 _aBibliografía: p. [XXVI]-XXXIV.
600 1 7 _aBuero Vallejo, Antonio, 1916-2000-
_vCorrespondencia
_9165999
600 1 7 _aSoto, Vicente.
_9107503
700 1 _aRódenas de Moya, Domingo.
_998116
700 1 2 _aSoto, Vicente.
_9107503
830 0 _aColección obra fundamental
_9180326
852 _aES-MaACL
_jA-14305
_9195794
_bR.151578
_cDEPO1
_dOlim: N-7305
942 _2udc
_cMONOGRAFIA
999 _c188663
_d188663